Internet, mail and mixed-mode surveys : the tailored design method /

Bibliographic Details
Main Author: Dillman, Don A
Other Authors: Christian, Leah Melani, Smith, Jolene D
Format: Book
Published: Hoboken, NJ: John Wiley & Sons, 2009.
Edition:3rd.ed.
Subjects:
LEADER 00726cam a2200229 7i4500
001 0000051747
005 20151104090000.0
005 ##20151104170200.0
003 ##MY-KlINT
020 # # |a 9780471698685  
039 # 9 |y 201511041702  |z VLOAD 
090 0 0 |a 300.723   |b DIL 
100 1 # |a Dillman, Don A 
245 0 0 |a Internet, mail and mixed-mode surveys :   |b the tailored design method /   |c Don A. Dillman, Jolene D. Smith, Leah Melani Christian. 
250 # # |a 3rd.ed. 
260 # # |a Hoboken, NJ:   |b John Wiley & Sons,   |c 2009. 
300 # # |a xii,499p:   |b ill;   |c 24cm. 
500 # # |a Includes bibliographical reference and index 
650 # 0 |a Social surveys  
650 # 0 |a Questionnaries  
700 0 # |a Christian, Leah Melani  
700 0 # |a Smith, Jolene D